[Event "Benidorm op U2300 15th"]
[Site "Benidorm"]
[Date "2016.12.10"]
[Round "10"]
[White "Roig Aguilar, Alejandro"]
[Black "De la Cruz Sanchez, Carlos Gustavo"]
[Result "1-0"]
[WhiteElo "2150"]
[BlackElo "2250"]
[PlyCount "53"]
[EventDate "2016.12.02"]
[EventType "swiss"]
[EventRounds "10"]
[EventCountry "ESP"]
[SourceTitle "EXT 2019"]
[Source "ChessBase"]
[SourceDate "2018.10.10"]
[SourceVersion "1"]
[SourceVersionDate "2018.10.10"]
[SourceQuality "1"]

1. d4 Nf6 2. c4 g6 3. Nc3 Bg7 4. e4 d6 5. Nf3 0-0 6. Be2 Na6 7. Bf4 Nd7 8. Qd2 e5 9. Bh6 exd4 10. Nxd4 Ne5 11. 0-0-0 Be6 12. Bxg7 Kxg7 13. f4 Nxc4 14. Nxe6+ fxe6 15. Bxc4 Qf6 16. Bxa6 bxa6 17. g3 Kg8 18. Qd4 Qf7 19. h4 Rab8 20. h5 gxh5 21. Rh2 a5 22. a3 Rb6 23. Rdh1 c5 24. Qd3 Qb7 25. Rxh5 Rf7 26. e5 dxe5 27. Qd8+ 1-0

[Event "Canarias-chT"]
[Site "Arrecife de Lanzarote"]
[Date "2016.06.26"]
[Round "6.1"]
[White "Badiola Morera, Gorka"]
[Black "De la Cruz Sanchez, Carlos Gustavo"]
[Result "0-1"]
[WhiteElo "1742"]
[BlackElo "2276"]
[PlyCount "66"]
[EventDate "2016.06.23"]
[EventType "team-swiss"]
[EventRounds "6"]
[EventCountry "ESP"]
[SourceTitle "EXT 2021"]
[Source "ChessBase"]
[SourceDate "2020.10.23"]
[SourceVersion "1"]
[SourceVersionDate "2020.10.23"]
[SourceQuality "1"]
[WhiteTeam "Sociedad Democracia"]
[BlackTeam "Brenadrez"]
[WhiteTeamCountry "ESP"]
[BlackTeamCountry "ESP"]

1. e4 e6 2. d4 d5 3. Nc3 Nf6 4. e5 Nfd7 5. Be3 c5 6. Nge2 Nc6 7. f4 Qb6 8. dxc5 Bxc5 9. Bxc5 Nxc5 10. Nd4 0-0 11. Nb3 f6 12. Nxc5 Qxc5 13. Qe2 fxe5 14. fxe5 Qd4 15. Rd1 Qb6 16. b3 Nxe5 17. Na4 Qb4+ 18. c3 Qf4 19. Rd4 Qf6 20. h3 b6 21. Qe3 Bd7 22. Be2 Nc6 23. Rd2 Ne7 24. Bg4 Nf5 25. Qd3 Rac8 26. Rf1 Bxa4 27. Bxf5 exf5 28. Qxd5+ Kh8 29. bxa4 Rfe8+ 30. Re2 Qxc3+ 31. Kf2 Rxe2+ 32. Kxe2 Re8+ 33. Kd1 Qa1+ 0-1

[Event "Canarias-chT"]
[Site "Arrecife de Lanzarote"]
[Date "2016.06.25"]
[Round "5.1"]
[White "De la Cruz Sanchez, Carlos Gustavo"]
[Black "Martin Hernandez, Ruben"]
[Result "1/2-1/2"]
[WhiteElo "2276"]
[BlackElo "2230"]
[PlyCount "23"]
[EventDate "2016.06.23"]
[EventType "team-swiss"]
[EventRounds "6"]
[EventCountry "ESP"]
[SourceTitle "EXT 2021"]
[Source "ChessBase"]
[SourceDate "2020.10.23"]
[SourceVersion "1"]
[SourceVersionDate "2020.10.23"]
[SourceQuality "1"]
[WhiteTeam "Brenadrez"]
[BlackTeam "El Tablero de Guanapay"]
[WhiteTeamCountry "ESP"]
[BlackTeamCountry "ESP"]

1. d4 Nf6 2. c4 g6 3. Nc3 d5 4. cxd5 Nxd5 5. g3 Bg7 6. Bg2 Nxc3 7. bxc3 c5 8. e3 0-0 9. Ne2 Nc6 10. 0-0 Qa5 11. a4 Bg4 12. Rb1 1/2-1/2

[Event "Las Palmas Montalvo Memorial 9th"]
[Site "Las Palmas"]
[Date "2016.03.27"]
[Round "9"]
[White "Korneev, Svyatoslav"]
[Black "De la Cruz Sanchez, Carlos Gustavo"]
[Result "1-0"]
[WhiteElo "2151"]
[BlackElo "2299"]
[PlyCount "76"]
[EventDate "2016.03.21"]
[EventType "swiss"]
[EventRounds "9"]
[EventCountry "ESP"]
[SourceTitle "CBM 171 Extra"]
[Source "ChessBase"]
[SourceDate "2016.04.26"]
[SourceVersion "1"]
[SourceVersionDate "2016.04.26"]
[SourceQuality "1"]

1. Nf3 Nf6 2. c4 g6 3. g3 Bg7 4. Bg2 0-0 5. 0-0 d6 6. d3 e5 7. Nc3 c6 8. Qc2 a5 9. a3 Re8 10. Bg5 h6 11. Bxf6 Bxf6 12. b4 axb4 13. axb4 Rxa1 14. Rxa1 Be6 15. Ra8 Rf8 16. Nd2 Qc7 17. Qa4 Nd7 18. Rxf8+ Nxf8 19. b5 Bd7 20. Qa7 Ne6 21. b6 Qc8 22. Nb3 Nd8 23. Ne4 Be7 24. c5 dxc5 25. Nexc5 Be6 26. Nxe6 Qxe6 27. Na5 Qc8 28. h4 Bd6 29. Nc4 Bc5 30. Qa5 Ne6 31. Bh3 Qf8 32. Bxe6 fxe6 33. e3 g5 34. h5 e4 35. dxe4 g4 36. Ne5 Bb4 37. Qa2 Qe8 38. Nxg4 Kh7 1-0

[Event "Las Palmas Montalvo Memorial 9th"]
[Site "Las Palmas"]
[Date "2016.03.24"]
[Round "5"]
[White "Sanchez Quintero, Raul"]
[Black "De la Cruz Sanchez, Carlos Gustavo"]
[Result "0-1"]
[WhiteElo "1965"]
[BlackElo "2299"]
[PlyCount "98"]
[EventDate "2016.03.21"]
[EventType "swiss"]
[EventRounds "9"]
[EventCountry "ESP"]
[SourceTitle "CBM 171 Extra"]
[Source "ChessBase"]
[SourceDate "2016.04.26"]
[SourceVersion "1"]
[SourceVersionDate "2016.04.26"]
[SourceQuality "1"]

1. e4 e6 2. d3 d5 3. Nd2 c5 4. g3 Nc6 5. Bg2 Nge7 6. Ngf3 g6 7. 0-0 Bg7 8. Re1 0-0 9. exd5 Nxd5 10. Nb3 b6 11. a4 Bb7 12. a5 Rc8 13. axb6 axb6 14. h4 h6 15. Nfd2 Qc7 16. Nc4 Rfd8 17. Na3 Ndb4 18. Bf4 e5 19. Nb5 Qd7 20. Bd2 Nxc2 21. Qxc2 Nb4 22. Qc4 Bxg2 23. Kxg2 Nxd3 24. Reb1 e4 25. Ra7 Ne5 26. Rxd7 Nxc4 27. Rxd8+ Rxd8 28. Bc3 e3 29. fxe3 Nxe3+ 30. Kf3 Nf5 31. Nc1 Rd1 32. Bxg7 Kxg7 33. Na3 Nd4+ 34. Kg2 b5 35. Na2 Rd2+ 36. Kh3 h5 37. Nc3 Nf3 38. g4 b4 39. gxh5 bxc3 40. hxg6 c2 41. Rc1 Nd4 42. gxf7 Rd1 43. f8Q+ Kxf8 44. Rxc2 Nxc2 45. Nxc2 Rd2 46. Ne1 Rxb2 47. Kg3 Re2 48. Ng2 c4 49. Nf4 Rd2 0-1

[Event "Canarias-chT"]
[Site "Vecindario"]
[Date "2015.06.11"]
[Round "1.1"]
[White "De la Cruz Sanchez, Carlos Gustavo"]
[Black "Alvarado Diaz, Alejandro"]
[Result "1/2-1/2"]
[WhiteElo "2275"]
[BlackElo "2418"]
[PlyCount "81"]
[EventDate "2015.06.11"]
[EventType "team-swiss"]
[EventRounds "6"]
[EventCountry "ESP"]
[SourceTitle "EXT 2024"]
[Source "ChessBase"]
[SourceDate "2023.10.10"]
[SourceVersion "1"]
[SourceVersionDate "2023.10.10"]
[SourceQuality "1"]
[WhiteTeam "Cajacanarias de La Palma"]
[BlackTeam "Hotel Avda de Canarias"]
[WhiteTeamCountry "ESP"]
[BlackTeamCountry "ESP"]

1. d4 c5 2. d5 g6 3. c4 Bg7 4. Nc3 Bxc3+ 5. bxc3 f5 6. h4 Nf6 7. h5 Rg8 8. hxg6 hxg6 9. Bg5 Ne4 10. Qc1 d6 11. Rh7 Nxg5 12. Qxg5 Nd7 13. Rh6 Ne5 14. Rc1 Kd7 15. Rh7 Rh8 16. Rxh8 Qxh8 17. Nh3 Qf6 18. Qxf6 exf6 19. e3 b6 20. Nf4 Ba6 21. Nd3 Ng4 22. Be2 Bxc4 23. Nxc5+ dxc5 24. Bxc4 Kd6 25. Ke2 Ne5 26. Ba6 Rh8 27. c4 Rh2 28. Rg1 Kc7 29. Bb5 Rh8 30. f4 Nf7 31. g4 fxg4 32. Rxg4 g5 33. e4 Rh2+ 34. Ke3 a6 35. Bxa6 Rxa2 36. Bb5 Ra3+ 37. Ke2 Ra2+ 38. Ke3 Ra3+ 39. Ke2 Ra8 40. e5 fxe5 41. fxe5 1/2-1/2

[Event "Las Palmas Montalvo Memorial 8th"]
[Site "Las Palmas"]
[Date "2015.04.02"]
[Round "5"]
[White "Lopez Pereyra, Antonio"]
[Black "De la Cruz Sanchez, Carlos Gustavo"]
[Result "0-1"]
[WhiteElo "2111"]
[BlackElo "2266"]
[PlyCount "90"]
[EventDate "2015.03.30"]
[EventType "swiss"]
[EventRounds "9"]
[EventCountry "ESP"]
[SourceTitle "EXT 2016"]
[Source "ChessBase"]
[SourceDate "2015.10.08"]
[SourceVersion "1"]
[SourceVersionDate "2015.10.08"]
[SourceQuality "1"]

1. e4 e6 2. d4 d5 3. Nc3 Nf6 4. e5 Nfd7 5. Nce2 c5 6. c3 cxd4 7. cxd4 f6 8. f4 fxe5 9. fxe5 Bb4+ 10. Kf2 0-0+ 11. Nf3 Nc6 12. h4 Ndxe5 13. dxe5 Nxe5 14. Nf4 Ng4+ 15. Kg3 Nf6 16. Bd3 Bd6 17. Ng5 g6 18. Be2 Qc7 19. Rf1 h6 20. Ngh3 g5 21. Kh2 gxf4 22. Bxf4 Bxf4+ 23. Nxf4 Ng4+ 24. Bxg4 Rxf4 25. g3 Rxf1 26. Qxf1 Qc2+ 27. Kh3 e5 28. Qf6 Bxg4+ 29. Kxg4 Qc8+ 30. Kh5 Qe8+ 31. Kxh6 Qc6 32. Qg6+ Kh8 33. Qxc6 bxc6 34. Rc1 e4 35. Rxc6 Re8 36. Rc7 e3 37. Kg6 Re6+ 38. Kf5 Re4 39. Rc8+ Kg7 40. Rc7+ Kf8 41. Rc1 e2 42. Re1 Re7 43. h5 d4 44. h6 d3 45. Rc1 e1Q 0-1

[Event "Las Palmas op 34th"]
[Site "Las Palmas"]
[Date "2013.12.06"]
[Round "6"]
[White "Strikovic, Aleksa"]
[Black "De la Cruz Sanchez, Carlos Gustavo"]
[Result "1-0"]
[WhiteElo "2529"]
[BlackElo "2256"]
[PlyCount "85"]
[EventDate "2013.12.02"]
[EventType "swiss"]
[EventRounds "9"]
[EventCountry "ESP"]
[SourceTitle "CBM 157 Extra"]
[Source "ChessBase"]
[SourceDate "2013.12.19"]
[SourceVersion "1"]
[SourceVersionDate "2013.12.19"]
[SourceQuality "1"]

1. c4 Nf6 2. Nc3 g6 3. d4 Bg7 4. e4 d6 5. Be2 0-0 6. Bg5 Qe8 7. Qd2 e5 8. d5 Na6 9. Rb1 Nc5 10. f3 a5 11. g4 Nfd7 12. Nb5 Na6 13. Nh3 Kh8 14. Qxa5 f5 15. Nf2 fxg4 16. Nxg4 Ndc5 17. Nf2 Bf6 18. h4 Qe7 19. Qd2 h5 20. Bxf6+ Rxf6 21. b4 Na4 22. Qh6+ Qh7 23. Qxh7+ Kxh7 24. Kd2 Bd7 25. Nc3 Nb6 26. Nh3 Bxh3 27. Rxh3 Rg8 28. a3 Rg7 29. Rc1 Nd7 30. Na4 Nb6 31. Nb2 Nd7 32. Nd3 b6 33. Rg3 Kh6 34. Rcg1 Nf8 35. Bf1 Nb8 36. Bh3 Nbd7 37. Ke2 Rgf7 38. a4 Nb8 39. a5 c6 40. axb6 cxd5 41. exd5 Nfd7 42. Be6 Rf8 43. c5 1-0

[Event "Las Palmas Montalvo Memorial 6th"]
[Site "Las Palmas"]
[Date "2013.03.30"]
[Round "8"]
[White "Larino Nieto, David"]
[Black "De la Cruz Sanchez, Carlos Gustavo"]
[Result "1-0"]
[WhiteElo "2508"]
[BlackElo "2242"]
[PlyCount "117"]
[EventDate "2013.03.25"]
[EventType "swiss"]
[EventRounds "9"]
[EventCountry "ESP"]
[SourceTitle "EXT 2014"]
[Source "ChessBase"]
[SourceDate "2013.11.20"]
[SourceVersion "1"]
[SourceVersionDate "2013.11.20"]
[SourceQuality "1"]

1. Nf3 Nf6 2. b3 g6 3. Bb2 Bg7 4. e4 d6 5. Qe2 e5 6. g3 Nc6 7. Bg2 0-0 8. 0-0 Ng4 9. h3 Nh6 10. d3 f5 11. Nc3 f4 12. Nd5 Ne7 13. d4 Nxd5 14. exd5 e4 15. Qxe4 fxg3 16. fxg3 Nf5 17. Qe1 Bd7 18. Qf2 c5 19. dxc6 Bxc6 20. c3 d5 21. Ba3 Nd6 22. Rae1 Rf7 23. Bxd6 Qxd6 24. Kh2 Bb5 25. Rg1 Bh6 26. Qc2 Raf8 27. c4 Bd7 28. c5 Qa6 29. Qd1 Bc6 30. a4 Qa5 31. Ne5 Rf2 32. Ng4 Bd2 33. Ref1 Rxf1 34. Rxf1 Rxf1 35. Qxf1 Qd8 36. Qe2 Bg5 37. Qe6+ Kf8 38. b4 Bd7 39. Qd6+ Qe7 40. Qb8+ Kg7 41. Ne5 Be6 42. Qxa7 h5 43. c6 bxc6 44. Qxe7+ Bxe7 45. Nxc6 Bd6 46. b5 h4 47. Ne5 Bc7 48. gxh4 Bf5 49. Bxd5 Bc2 50. Kg2 Bxa4 51. Bc6 Kf6 52. Nd7+ Kf5 53. d5 Bc2 54. b6 Be4+ 55. Kf2 Bd8 56. b7 Bxh4+ 57. Kg1 Bg3 58. b8Q Bxb8 59. Nxb8 1-0

[Event "Las Palmas Montalvo Memorial 6th"]
[Site "Las Palmas"]
[Date "2013.03.29"]
[Round "6"]
[White "Bressac, Stephane"]
[Black "De la Cruz Sanchez, Carlos Gustavo"]
[Result "0-1"]
[WhiteElo "2284"]
[BlackElo "2242"]
[PlyCount "80"]
[EventDate "2013.03.25"]
[EventType "swiss"]
[EventRounds "9"]
[EventCountry "ESP"]
[SourceTitle "CBM 153 Extra"]
[Source "ChessBase"]
[SourceDate "2013.04.22"]
[SourceVersion "1"]
[SourceVersionDate "2013.04.22"]
[SourceQuality "1"]

1. e4 e6 2. d4 d5 3. Nc3 Nf6 4. e5 Nfd7 5. f4 c5 6. Nf3 Nc6 7. Be3 cxd4 8. Nxd4 a6 9. Qd2 Bc5 10. 0-0-0 0-0 11. Qf2 Qe7 12. h4 f6 13. Nf5 Bxe3+ 14. Nxe3 d4 15. Ned5 exd5 16. Nxd5 Qc5 17. Nc7 fxe5 18. Ne6 Qe7 19. Nxf8 Nxf8 20. fxe5 Be6 21. a3 Rc8 22. Bd3 b5 23. Be4 b4 24. axb4 Qxb4 25. Bxc6 Rxc6 26. Rhf1 Rc8 27. Qxd4 Qa5 28. Qd6 Qa1+ 29. Kd2 Qa5+ 30. Kc1 Qa1+ 31. Kd2 Qa5+ 32. b4 Qa2 33. Ke1 Qxc2 34. Rxf8+ Rxf8 35. Qxe6+ Kh8 36. Rd2 Qc1+ 37. Ke2 Qf1+ 38. Ke3 Qf4+ 39. Ke2 Qe4+ 40. Kd1 Rf1# 0-1

[Event "Las Palmas Montalvo Memorial 6th"]
[Site "Las Palmas"]
[Date "2013.03.28"]
[Round "4"]
[White "Diaz Suarez, Cayetano"]
[Black "De la Cruz Sanchez, Carlos Gustavo"]
[Result "0-1"]
[WhiteElo "1848"]
[BlackElo "2242"]
[PlyCount "64"]
[EventDate "2013.03.25"]
[EventType "swiss"]
[EventRounds "9"]
[EventCountry "ESP"]
[SourceTitle "CBM 153 Extra"]
[Source "ChessBase"]
[SourceDate "2013.04.22"]
[SourceVersion "1"]
[SourceVersionDate "2013.04.22"]
[SourceQuality "1"]

1. e4 c5 2. Nf3 e6 3. d3 d5 4. Nbd2 Bd6 5. g3 Ne7 6. Bg2 Nbc6 7. 0-0 0-0 8. Re1 Bc7 9. exd5 Nxd5 10. Ne4 b6 11. Nfg5 h6 12. Nh3 Bb7 13. Qh5 Nf6 14. Nxf6+ Qxf6 15. Be4 Rfd8 16. g4 Qe5 17. Bh7+ Kxh7 18. Rxe5 Nxe5 19. Bf4 f6 20. Bxe5 Bxe5 21. g5 Rd7 22. g6+ Kh8 23. Re1 Re8 24. Rxe5 fxe5 25. Qxe5 c4 26. Nf4 cxd3 27. cxd3 Rc8 28. Ne2 Rxd3 29. h4 Rh3 30. f3 Rxf3 31. Nd4 Rc1+ 32. Kh2 Rh1+ 0-1

[Event "Benidorm op U2300 11th"]
[Site "Benidorm"]
[Date "2012.12.03"]
[Round "4"]
[White "Megias Ortiz, Vicente Manuel"]
[Black "De la Cruz Sanchez, Carlos Gustavo"]
[Result "0-1"]
[WhiteElo "2081"]
[BlackElo "2288"]
[PlyCount "38"]
[EventDate "2012.11.30"]
[EventType "swiss"]
[EventRounds "10"]
[EventCountry "ESP"]
[SourceTitle "EXT 2014"]
[Source "ChessBase"]
[SourceDate "2013.11.20"]
[SourceVersion "1"]
[SourceVersionDate "2013.11.20"]
[SourceQuality "1"]

1. d4 Nf6 2. Bf4 g6 3. c3 Bg7 4. Qd2 c5 5. d5 Qb6 6. b3 Qa5 7. f3 e6 8. dxe6 fxe6 9. Bh6 0-0 10. Bxg7 Kxg7 11. c4 Qc7 12. Nc3 d5 13. e3 Nc6 14. Nb5 Qe5 15. Rc1 a6 16. Na3 d4 17. e4 Nxe4 18. fxe4 Qxe4+ 19. Qe2 Rxf1+ 0-1

[Event "Benidorm op U2300 11th"]
[Site "Benidorm"]
[Date "2012.11.30"]
[Round "1"]
[White "Sanchez Barbado, Carlos"]
[Black "De la Cruz Sanchez, Carlos Gustavo"]
[Result "1/2-1/2"]
[WhiteElo "2132"]
[BlackElo "2288"]
[PlyCount "46"]
[EventDate "2012.11.30"]
[EventType "swiss"]
[EventRounds "10"]
[EventCountry "ESP"]
[SourceTitle "EXT 2014"]
[Source "ChessBase"]
[SourceDate "2013.11.20"]
[SourceVersion "1"]
[SourceVersionDate "2013.11.20"]
[SourceQuality "1"]

1. e4 e6 2. d4 d5 3. Nd2 c5 4. Ngf3 Nc6 5. c3 cxd4 6. cxd4 dxe4 7. Nxe4 Bb4+ 8. Bd2 Nf6 9. Nxf6+ Qxf6 10. Bxb4 Nxb4 11. Bb5+ Nc6 12. 0-0 0-0 13. Bxc6 bxc6 14. Rc1 Rb8 15. b3 Rd8 16. Qe2 Rb6 17. Rfd1 h6 18. Qe5 Qe7 19. Qc5 Qc7 20. Qe5 Qe7 21. Qc5 Qc7 22. Qe5 Qe7 23. Qc5 Bb7 1/2-1/2

[Event "Canarias-chT"]
[Site "Fuerteventura"]
[Date "2012.06.09"]
[Round "5.1"]
[White "De la Cruz Sanchez, Carlos Gustavo"]
[Black "Pinto Henriquez, Rodrigo"]
[Result "1-0"]
[WhiteElo "2291"]
[BlackElo "2143"]
[PlyCount "75"]
[EventDate "2012.06.07"]
[EventType "team-tourn"]
[EventRounds "7"]
[EventCountry "ESP"]
[SourceTitle "CBM 148 Extra"]
[Source "ChessBase"]
[SourceDate "2012.06.22"]
[SourceVersion "1"]
[SourceVersionDate "2012.06.22"]
[SourceQuality "1"]
[WhiteTeam "La Palma CajaCanarias"]
[BlackTeam "El Sauzal"]
[WhiteTeamCountry "ESP"]
[BlackTeamCountry "ESP"]

1. d4 Nf6 2. c4 g6 3. Nc3 c5 4. d5 Bg7 5. e4 d6 6. h3 0-0 7. Bd3 Nbd7 8. Nf3 Nh5 9. g4 Nhf6 10. Bg5 a6 11. a4 Rb8 12. Qd2 Re8 13. Bf4 Qc7 14. 0-0 h5 15. g5 Nh7 16. Kg2 Nhf8 17. Rae1 Rd8 18. Rh1 Ne5 19. Nxe5 Bxe5 20. Be3 Qa5 21. Qc2 Bd7 22. Bd2 Qc7 23. f4 Bd4 24. Rhf1 Be8 25. Rf3 Nd7 26. Ref1 Bg7 27. Be1 Rdc8 28. Bg3 Qa5 29. e5 dxe5 30. f5 gxf5 31. Bxf5 Rd8 32. Be4 Nf8 33. Qf2 Ng6 34. Rxf7 Nf4+ 35. Bxf4 Bxf7 36. Bxe5 Rf8 37. Bxg7 Kxg7 38. Qf5 1-0

[Event "Las Palmas Montalvo Memorial 5th"]
[Site "Las Palmas"]
[Date "2012.04.04"]
[Round "3"]
[White "Barlov, Dragan"]
[Black "De la Cruz Sanchez, Carlos Gustavo"]
[Result "1/2-1/2"]
[WhiteElo "2443"]
[BlackElo "2288"]
[PlyCount "60"]
[EventDate "2012.04.02"]
[EventType "swiss"]
[EventRounds "9"]
[EventCountry "ESP"]
[SourceTitle "CBM 147 Extra"]
[Source "ChessBase"]
[SourceDate "2012.04.24"]
[SourceVersion "1"]
[SourceVersionDate "2012.04.24"]
[SourceQuality "1"]

1. g3 Nf6 2. Bg2 g6 3. e4 d6 4. d4 Bg7 5. Nc3 0-0 6. Nge2 e5 7. h3 exd4 8. Nxd4 Nc6 9. Be3 Nxd4 10. Bxd4 Re8 11. 0-0 Bd7 12. Qd3 Bc6 13. Rfe1 Re6 14. Nd5 Nxd5 15. exd5 Rxe1+ 16. Rxe1 Bb5 17. Qc3 Bxd4 18. Qxd4 b6 19. a4 Bd7 20. Re3 a5 21. b3 b5 22. axb5 Bxb5 23. h4 h5 24. Kh2 Bd7 25. Rc3 a4 26. bxa4 Rxa4 27. Qd2 Bf5 28. Rc6 Bd7 29. Rc3 Bf5 30. Rc6 Bd7 1/2-1/2

[Event "Las Palmas Montalvo Memorial 5th"]
[Site "Las Palmas"]
[Date "2012.04.02"]
[Round "1"]
[White "Monteiro Rodrigues, Carlos"]
[Black "De la Cruz Sanchez, Carlos Gustavo"]
[Result "0-1"]
[WhiteElo "1619"]
[BlackElo "2288"]
[PlyCount "52"]
[EventDate "2012.04.02"]
[EventType "swiss"]
[EventRounds "9"]
[EventCountry "ESP"]
[SourceTitle "CBM 147 Extra"]
[Source "ChessBase"]
[SourceDate "2012.04.24"]
[SourceVersion "1"]
[SourceVersionDate "2012.04.24"]
[SourceQuality "1"]

1. e4 e6 2. d4 d5 3. Nd2 c5 4. Ngf3 Nc6 5. Bb5 cxd4 6. Nxd4 Bd7 7. Nxc6 bxc6 8. Bd3 Bd6 9. Nf3 Qc7 10. Qe2 dxe4 11. Qxe4 Nf6 12. Qh4 h6 13. Bd2 Rb8 14. Bc3 Ke7 15. 0-0 c5 16. Rfe1 Bc6 17. Re3 Bf4 18. Be5 Bxe5 19. Nxe5 Rhc8 20. Rc1 Kf8 21. Nxc6 Qxc6 22. b3 Rd8 23. Qg3 Rb4 24. c4 Rb7 25. Be4 Nxe4 26. Rxe4 Qxe4 0-1

[Event "Las Palmas op 32nd"]
[Site "Las Palmas"]
[Date "2011.12.08"]
[Round "9"]
[White "Kurajica, Bojan"]
[Black "De la Cruz Sanchez, Carlos Gustavo"]
[Result "1-0"]
[WhiteElo "2532"]
[BlackElo "2278"]
[PlyCount "76"]
[EventDate "2011.12.02"]
[EventType "swiss"]
[EventRounds "9"]
[EventCountry "ESP"]
[SourceTitle "CBM 145 Extra"]
[Source "ChessBase"]
[SourceDate "2012.01.03"]
[SourceVersion "1"]
[SourceVersionDate "2012.01.03"]
[SourceQuality "1"]

1. Nf3 Nf6 2. d4 g6 3. g3 Bg7 4. Bg2 0-0 5. 0-0 d6 6. c4 c5 7. b3 Nc6 8. Bb2 d5 9. dxc5 dxc4 10. Qc1 Qd5 11. Ne5 Qxc5 12. Nxc6 bxc6 13. Nd2 Qh5 14. Nxc4 Qxe2 15. Re1 Qh5 16. Re5 Bf5 17. h3 Qh6 18. Qxh6 Bxh6 19. Na5 Nd7 20. Rxe7 Bg7 21. Bxg7 Kxg7 22. Bxc6 Rad8 23. g4 Kf6 24. Rae1 Be6 25. R1xe6+ fxe6 26. Rxd7 Rxd7 27. Bxd7 Rd8 28. Bc6 Ke5 29. Bb5 Rd1+ 30. Kg2 Kf4 31. Nc4 Ra1 32. a3 Rb1 33. b4 Rb3 34. Bd7 e5 35. Be6 e4 36. Bd5 Rd3 37. Be6 h5 38. b5 Rb3 1-0

[Event "Las Palmas op 32nd"]
[Site "Las Palmas"]
[Date "2011.12.07"]
[Round "8"]
[White "De la Cruz Sanchez, Carlos Gustavo"]
[Black "Garcia Blanco, Omar"]
[Result "1-0"]
[WhiteElo "2278"]
[BlackElo "2204"]
[PlyCount "101"]
[EventDate "2011.12.02"]
[EventType "swiss"]
[EventRounds "9"]
[EventCountry "ESP"]
[SourceTitle "CBM 145 Extra"]
[Source "ChessBase"]
[SourceDate "2012.01.03"]
[SourceVersion "1"]
[SourceVersionDate "2012.01.03"]
[SourceQuality "1"]

1. d4 Nf6 2. c4 c5 3. d5 b5 4. cxb5 a6 5. b6 d6 6. Nc3 Nbd7 7. e4 g6 8. Nf3 Bg7 9. a4 Qxb6 10. Nd2 0-0 11. Be2 Rb8 12. Nc4 Qb7 13. Bf4 Ne8 14. Qd2 Ne5 15. h4 Nxc4 16. Bxc4 h5 17. 0-0 Qc7 18. Rfe1 Bd4 19. Rab1 Qa5 20. Rbc1 Nf6 21. Be3 Bxe3 22. Rxe3 Ng4 23. Rg3 Rb4 24. b3 Bd7 25. Qg5 Kh7 26. Qxe7 Qd8 27. Qxd6 Qf6 28. Qxf6 Nxf6 29. e5 Ng4 30. Ne4 Nxe5 31. Nxc5 Rc8 32. Nxd7 Nxd7 33. Re1 Nf6 34. Bxa6 Rd8 35. Rd3 Rxd5 36. Rxd5 Nxd5 37. Bc4 Nf4 38. Bxf7 Nd3 39. Ra1 Kg7 40. Bc4 Nc5 41. a5 Nxb3 42. Bxb3 Rxb3 43. a6 Rb8 44. a7 Ra8 45. Kf1 Kf7 46. Ke2 Ke7 47. Kd3 Kd7 48. Kc4 Kc6 49. Ra6+ Kb7 50. Kb5 Kc7 51. Rxg6 1-0

[Event "Las Palmas op 32nd"]
[Site "Las Palmas"]
[Date "2011.12.03"]
[Round "2"]
[White "De la Cruz Sanchez, Carlos Gustavo"]
[Black "Galvan Sarmiento, Jose Luis"]
[Result "1-0"]
[WhiteElo "2278"]
[BlackElo "1968"]
[PlyCount "107"]
[EventDate "2011.12.02"]
[EventType "swiss"]
[EventRounds "9"]
[EventCountry "ESP"]
[SourceTitle "CBM 145 Extra"]
[Source "ChessBase"]
[SourceDate "2012.01.03"]
[SourceVersion "1"]
[SourceVersionDate "2012.01.03"]
[SourceQuality "1"]

1. d4 Nf6 2. c4 e6 3. Nc3 d5 4. cxd5 exd5 5. Bg5 Be7 6. e3 0-0 7. Bd3 c6 8. Qc2 h6 9. Bh4 Re8 10. Nge2 Nbd7 11. 0-0 Nf8 12. Rfe1 Ne6 13. Rab1 Bd7 14. b4 Rc8 15. Na4 b6 16. Ba6 Rb8 17. Bd3 Bd6 18. Bg3 Qe7 19. Qb3 Ng5 20. Nac3 Nge4 21. Nxe4 Nxe4 22. Bxe4 dxe4 23. Rec1 Rbc8 24. Nc3 Bxg3 25. hxg3 Be6 26. Qc2 f5 27. Qe2 Red8 28. Qa6 Rc7 29. a4 Kh7 30. Qe2 Qf7 31. Nd1 Bb3 32. a5 Bd5 33. Nb2 b5 34. Rc5 a6 35. Rbc1 Rd6 36. Qd2 Rcd7 37. Nd1 Bc4 38. Nc3 g5 39. g4 Bd5 40. Qc2 Re7 41. gxf5 g4 42. Nxd5 cxd5 43. Rc7 Kg7 44. Rxe7 Qxe7 45. Qc8 Kf6 46. Rc7 Qd8 47. Qxd8+ Rxd8 48. Rc6+ Kxf5 49. Rxa6 Rc8 50. Rd6 Rc1+ 51. Kh2 Rc2 52. Kg3 h5 53. Rxd5+ Kg6 54. Rxb5 1-0

[Event "Las Palmas op 32nd"]
[Site "Las Palmas"]
[Date "2011.12.02"]
[Round "1"]
[White "Monteiro Rodrigues, Carlos"]
[Black "De la Cruz Sanchez, Carlos Gustavo"]
[Result "0-1"]
[WhiteElo "1696"]
[BlackElo "2278"]
[PlyCount "44"]
[EventDate "2011.12.02"]
[EventType "swiss"]
[EventRounds "9"]
[EventCountry "ESP"]
[SourceTitle "CBM 145 Extra"]
[Source "ChessBase"]
[SourceDate "2012.01.03"]
[SourceVersion "1"]
[SourceVersionDate "2012.01.03"]
[SourceQuality "1"]

1. e4 e6 2. d4 d5 3. Nc3 Nf6 4. Bg5 Bb4 5. e5 h6 6. Bd2 Bxc3 7. bxc3 Ne4 8. Qg4 g6 9. h4 c5 10. Bd3 Nxd2 11. Kxd2 c4 12. Be2 Nd7 13. Nf3 Qe7 14. h5 g5 15. Rab1 f5 16. Qg3 Nb6 17. Rb4 Bd7 18. a4 Bxa4 19. Ra1 Qd7 20. Nxg5 hxg5 21. Qxg5 Qe7 22. Qg6+ Qf7 0-1

[Event "Santa Cruz Bajada la Virgen 4th"]
[Site "Santa Cruz"]
[Date "2010.06.20"]
[Round "7.1"]
[White "De la Cruz Sanchez, Carlos Gustavo"]
[Black "Strikovic, Aleksa"]
[Result "0-1"]
[WhiteElo "2289"]
[BlackElo "2557"]
[PlyCount "68"]
[EventDate "2010.06.19"]
[EventType "swiss (blitz)"]
[EventRounds "9"]
[EventCountry "ESP"]
[SourceTitle "EXT 2024"]
[Source "ChessBase"]
[SourceDate "2023.10.10"]
[SourceVersion "1"]
[SourceVersionDate "2023.10.10"]
[SourceQuality "1"]

1. e4 d6 2. d4 Nf6 3. Nc3 e5 4. Nf3 Nbd7 5. Bc4 Be7 6. 0-0 Nb6 7. Be2 exd4 8. Nxd4 0-0 9. a4 a5 10. Be3 Re8 11. f4 Bf8 12. Bf3 d5 13. e5 c5 14. Ndb5 d4 15. Bc1 dxc3 16. Qxd8 Rxd8 17. exf6 cxb2 18. Bxb2 Bf5 19. Be5 Rd7 20. Bc7 Nd5 21. fxg7 Bxg7 22. Be5 Ne3 23. Rf2 Rad8 24. c3 Ng4 25. Bxg4 Bxg4 26. Bxg7 Kxg7 27. h3 Rd1+ 28. Rf1 Be2 29. Rfxd1 Rxd1+ 30. Rxd1 Bxd1 31. Nd6 b6 32. Nc8 Bxa4 33. Nxb6 Bb5 34. c4 Bc6 0-1